The time of the dragons. (Record no. 533085)
[ view plain ]
| 000 -LEADER | |
|---|---|
| fixed length control field | 01077cam a22003251 4500 |
| 001 - CONTROL NUMBER | |
| control field | 7475605 |
| 003 - CONTROL NUMBER IDENTIFIER | |
| control field | NUST |
| 005 - DATE AND TIME OF LATEST TRANSACTION | |
| control field | 20191212101446.0 |
| 008 - FIXED-LENGTH DATA ELEMENTS--GENERAL INFORMATION | |
| fixed length control field | 800229s1958 nyu 000 1 eng |
| 010 ## - LIBRARY OF CONGRESS CONTROL NUMBER | |
| LC control number | 58009239 |
| 035 ## - SYSTEM CONTROL NUMBER | |
| System control number | (OCoLC)6038570 |
| 038 ## - RECORD CONTENT LICENSOR | |
| Staff Name | Muhammad Ibrahim |
| 040 ## - CATALOGING SOURCE | |
| Original cataloging agency | DLC |
| Transcribing agency | IElsP |
| Modifying agency | OCoLC |
| -- | ODaWU |
| -- | OBgU |
| -- | DLC |
| 041 1# - LANGUAGE CODE | |
| Language code of text/sound track or separate title | engger |
| 042 ## - AUTHENTICATION CODE | |
| Authentication code | premarc |
| 050 00 - LIBRARY OF CONGRESS CALL NUMBER | |
| Classification number | PZ4.E3475 |
| Item number | Ti |
| 082 ## - DEWEY DECIMAL CLASSIFICATION NUMBER | |
| Classification number | 833.91 |
| Author Mark | EKE 1958 |
| 100 2# - MAIN ENTRY--PERSONAL NAME | |
| Personal name | Ekert-Rotholz, Alice Maria. |
| 9 (RLIN) | 26768 |
| 245 14 - TITLE STATEMENT | |
| Title | The time of the dragons. |
| Statement of responsibility, etc. | Translated from the German by Richard and Clara Winston. |
| 260 ## - PUBLICATION, DISTRIBUTION, ETC. | |
| Place of publication, distribution, etc. | London, |
| Name of publisher, distributor, etc. | Jonathan Cape & the book Society, |
| Date of publication, distribution, etc. | 1958. |
| 300 ## - PHYSICAL DESCRIPTION | |
| Extent | 470 p. |
| Dimensions | 22 cm. |
| 500 ## - GENERAL NOTE | |
| General note | Translation of Wo Tränen verboten sind. |
| 650 #0 - SUBJECT ADDED ENTRY--TOPICAL TERM | |
| Topical term or geographic name entry element | World War, 1939-1945 |
| Form subdivision | Fiction. |
| 9 (RLIN) | 8259 |
| 651 #0 - SUBJECT ADDED ENTRY--GEOGRAPHIC NAME | |
| Geographic name | Japan |
| General subdivision | History |
| Chronological subdivision | 1926-1945 |
| Form subdivision | Fiction. |
| 9 (RLIN) | 26769 |
| 651 #0 - SUBJECT ADDED ENTRY--GEOGRAPHIC NAME | |
| Geographic name | Japan |
| General subdivision | History |
| Chronological subdivision | 1945-1989 |
| Form subdivision | Fiction. |
| 9 (RLIN) | 26770 |
| 700 1# - ADDED ENTRY--PERSONAL NAME | |
| Personal name | Winston, Richard, |
| Relator term | tr. |
| 9 (RLIN) | 26771 |
| 700 1# - ADDED ENTRY--PERSONAL NAME | |
| Personal name | Winston, Clara, |
| Relator term | tr. |
| 9 (RLIN) | 26772 |
| 906 ## - LOCAL DATA ELEMENT F, LDF (RLIN) | |
| a | 7 |
| b | cbc |
| c | oclcrpl |
| d | u |
| e | ncip |
| f | 19 |
| g | y-gencatlg |
| 942 ## - ADDED ENTRY ELEMENTS (KOHA) | |
| Source of classification or shelving scheme | |
| Koha item type | Book |
| Withdrawn status | Lost status | Source of classification or shelving scheme | Damaged status | Not for loan | Permanent Location | Current Location | Shelving location | Date acquired | Total Checkouts | Full call number | Barcode | Date last seen | Price effective from | Koha item type |
|---|---|---|---|---|---|---|---|---|---|---|---|---|---|---|
| Centre for International Peace & Stability (CIPS) | Centre for International Peace & Stability (CIPS) | General Stacks | 12/12/2019 | 833.91 EKE 1958 | CIPSD0000573 | 12/12/2019 | 12/12/2019 | Book |
